Top XIs: Scotland (1972-2023) - Statistics

General Stats
  • This quiz has been taken 476 times
  • The average score is 182 of 500
Answer Stats
Hint Position Answer % Correct
1981 MF John Robertson
89%
1982 MF John Robertson
89%
1993 ST John Robertson
89%
1979 ST Kenny Dalglish
78%
1980 ST Kenny Dalglish
78%
1984 ST Kenny Dalglish
78%
1985 ST Kenny Dalglish
78%
2019 MF Scott McTominay
78%
2020 DF Scott McTominay
78%
2021 EURO MF Scott McTominay
78%
2021 MF Scott McTominay
78%
2022 WC Q MF Scott McTominay
78%
2022 MF Scott McTominay
78%
2023 MF Scott McTominay
78%
2017 DF Kieran Tierney
71%
2018 DF Kieran Tierney
71%
2020 DF Kieran Tierney
71%
2021 EURO DF Kieran Tierney
71%
2021 DF Kieran Tierney
71%
2000 MF Barry Ferguson
65%
2002 MF Barry Ferguson
65%
2003 MF Barry Ferguson
65%
2003 EQ MF Barry Ferguson
65%
2005 MF Barry Ferguson
65%
2007 MF Barry Ferguson
65%
2003 EQ MF Darren Fletcher
64%
2004 MF Darren Fletcher
64%
2005 MF Darren Fletcher
64%
2006 MF Darren Fletcher
64%
2007 MF Darren Fletcher
64%
2008 MF Darren Fletcher
64%
2009 MF Darren Fletcher
64%
2010 MF Darren Fletcher
64%
2011 MF Darren Fletcher
64%
2012 MF Darren Fletcher
64%
2016 MF Darren Fletcher
64%
1987 ST Ally McCoist
62%
1988 ST Ally McCoist
62%
1989 ST Ally McCoist
62%
1991 ST Ally McCoist
62%
1992 ST Ally McCoist
62%
1980 DF Willie Miller
61%
1982 DF Willie Miller
61%
1983 DF Willie Miller
61%
1984 DF Willie Miller
61%
1985 DF Willie Miller
61%
1986 DF Willie Miller
61%
1988 DF Willie Miller
61%
1980 MF Graeme Souness
60%
1981 MF Graeme Souness
60%
1982 MF Graeme Souness
60%
1983 MF Graeme Souness
60%
1984 MF Graeme Souness
60%
1985 MF Graeme Souness
60%
1994 DF Colin Hendry
58%
1996 DF Colin Hendry
58%
1997 DF Colin Hendry
58%
1998 DF Colin Hendry
58%
1999 DF Colin Hendry
58%
2018 MF John McGinn
58%
2019 MF John McGinn
58%
2020 MF John McGinn
58%
2021 EURO MF John McGinn
58%
2021 MF John McGinn
58%
2022 WC Q MF John McGinn
58%
2022 MF John McGinn
58%
2023 MF John McGinn
58%
2007 MF Scott Brown
57%
2008 MF Scott Brown
57%
2009 MF Scott Brown
57%
2010 MF Scott Brown
57%
2011 MF Scott Brown
57%
2013 MF Scott Brown
57%
2014 MF Scott Brown
57%
2015 MF Scott Brown
57%
2017 MF Scott Brown
57%
1984 ST Mo Johnston
56%
1987 ST Mo Johnston
56%
1988 ST Mo Johnston
56%
1989 ST Mo Johnston
56%
1990 ST Mo Johnston
56%
1977 MF Willie Johnston
56%
1992 MF Gary McAllister
55%
1993 MF Gary McAllister
55%
1994 MF Gary McAllister
55%
1995 MF Gary McAllister
55%
1996 MF Gary McAllister
55%
1997 MF Gary McAllister
55%
1977 MF Denis Law
54%
1980 MF Gordon Strachan
52%
1982 MF Gordon Strachan
52%
1983 MF Gordon Strachan
52%
1986 MF Gordon Strachan
52%
1991 MF Gordon Strachan
52%
1981 DF Alan Hansen
51%
1982 DF Alan Hansen
51%
1980 DF Alex McLeish
51%
1983 DF Alex McLeish
51%
1984 DF Alex McLeish
51%
1985 DF Alex McLeish
51%
1987 DF Alex McLeish
51%
1988 DF Alex McLeish
51%
1989 DF Alex McLeish
51%
1990 DF Alex McLeish
51%
1981 ST Joe Jordan
48%
1983 MF Paul McStay
48%
1984 MF Paul McStay
48%
1986 MF Paul McStay
48%
1987 MF Paul McStay
48%
1988 MF Paul McStay
48%
1989 MF Paul McStay
48%
1990 MF Paul McStay
48%
1991 MF Paul McStay
48%
1992 MF Paul McStay
48%
1993 MF Paul McStay
48%
2014 DF Andrew Robertson
47%
2016 DF Andrew Robertson
47%
2017 DF Andrew Robertson
47%
2018 DF Andrew Robertson
47%
2019 DF Andrew Robertson
47%
2020 DF Andrew Robertson
47%
2021 EURO DF Andrew Robertson
47%
2021 DF Andrew Robertson
47%
2022 WC Q DF Andrew Robertson
47%
2023 DF Andrew Robertson
47%
2018 MF Callum McGregor
47%
2019 MF Callum McGregor
47%
2020 MF Callum McGregor
47%
2021 EURO MF Callum McGregor
47%
2021 MF Callum McGregor
47%
2022 WC Q MF Callum McGregor
47%
2022 MF Callum McGregor
47%
2023 MF Callum McGregor
47%
1993 DF Tom Boyd
47%
1994 DF Tom Boyd
47%
1995 DF Tom Boyd
47%
1996 DF Tom Boyd
47%
1997 DF Tom Boyd
47%
1998 DF Tom Boyd
47%
1980 MF Archie Gemmill
46%
1983 DF Richard Gough
45%
1985 DF Richard Gough
45%
1986 DF Richard Gough
45%
1987 DF Richard Gough
45%
1988 DF Richard Gough
45%
1990 DF Richard Gough
45%
1991 DF Richard Gough
45%
1992 DF Richard Gough
45%
2021 MF Billy Gilmour
44%
2022 WC Q MF Billy Gilmour
44%
1984 MF Davie Cooper
44%
1985 MF Davie Cooper
44%
2020 MF Ryan Jack
44%
1980 ST Steve Archibald
44%
1981 ST Steve Archibald
44%
1982 ST Steve Archibald
44%
1984 DF Steve Nicol
44%
1986 DF Steve Nicol
44%
1988 MF Steve Nicol
44%
1989 DF Steve Nicol
44%
1993 MF John Collins
43%
1994 MF John Collins
43%
1995 MF John Collins
43%
1996 MF John Collins
43%
1997 MF John Collins
43%
1998 MF John Collins
43%
1999 MF John Collins
43%
1977 DF Gordon McQueen
41%
1979 DF Gordon McQueen
41%
2020 ST Lyndon Dykes
41%
2021 EURO ST Lyndon Dykes
41%
2021 ST Lyndon Dykes
41%
2022 WC Q ST Lyndon Dykes
41%
1980 ST Andy Gray
39%
1983 ST Andy Gray
39%
1983 ST Charlie Nicholas
39%
1986 ST Charlie Nicholas
39%
1995 MF Craig Burley
39%
1996 MF Craig Burley
39%
1997 MF Craig Burley
39%
1998 MF Craig Burley
39%
1999 MF Craig Burley
39%
2000 MF Craig Burley
39%
2001 MF Craig Burley
39%
1999 DF David Weir
39%
2000 DF David Weir
39%
2001 DF David Weir
39%
2002 DF David Weir
39%
2005 DF David Weir
39%
2006 DF David Weir
39%
2007 DF David Weir
39%
2010 DF David Weir
39%
1979 MF Eddie Gray
39%
1982 DF Frank Gray
39%
1979 DF George Burley
39%
2013 DF Grant Hanley
39%
2014 DF Grant Hanley
39%
2016 DF Grant Hanley
39%
2021 EURO DF Grant Hanley
39%
2021 DF Grant Hanley
39%
2022 WC Q DF Grant Hanley
39%
1978 DF Billy Bremner
38%
1997 MF Paul Lambert
38%
1998 MF Paul Lambert
38%
1999 MF Paul Lambert
38%
2001 MF Paul Lambert
38%
2002 MF Paul Lambert
38%
2003 MF Paul Lambert
38%
1987 ST Brian McClair
37%
1991 MF Brian McClair
37%
1992 MF Brian McClair
37%
1980 DF Danny McGrain
37%
1981 DF Danny McGrain
37%
1982 DF Danny McGrain
37%
1995 ST Darren Jackson
37%
1997 ST Darren Jackson
37%
1998 MF Darren Jackson
37%
1991 ST Gordon Durie
37%
1992 ST Gordon Durie
37%
1996 ST Gordon Durie
37%
1998 ST Gordon Durie
37%
2010 ST Steven Naismith
37%
2011 ST Steven Naismith
37%
2013 ST Steven Naismith
37%
2014 ST Steven Naismith
37%
2015 ST Steven Naismith
37%
1990 MF Stuart McCall
37%
1991 MF Stuart McCall
37%
1992 MF Stuart McCall
37%
1994 MF Stuart McCall
37%
1996 MF Stuart McCall
37%
1980 DF David Narey
36%
1986 DF David Narey
36%
2017 MF Stuart Armstrong
36%
2018 MF Stuart Armstrong
36%
2021 EURO MF Stuart Armstrong
36%
2022 MF Stuart Armstrong
36%
2023 MF Stuart Armstrong
36%
1987 MF Ian Wilson
35%
2002 ST Steven Thompson
35%
2007 DF Alan Hutton
33%
2009 DF Alan Hutton
33%
2010 DF Alan Hutton
33%
2011 DF Alan Hutton
33%
2012 DF Alan Hutton
33%
2013 DF Alan Hutton
33%
2014 DF Alan Hutton
33%
2015 DF Alan Hutton
33%
2021 EURO ST Ché Adams
33%
2021 ST Ché Adams
33%
2022 WC Q ST Ché Adams
33%
2022 ST Ché Adams
33%
2023 ST Ché Adams
33%
1978 ST Jimmy Johnstone
33%
1985 MF Roy Aitken
33%
1986 MF Roy Aitken
33%
1987 MF Roy Aitken
33%
1988 MF Roy Aitken
33%
1989 MF Roy Aitken
33%
2017 MF James Forrest
32%
2018 MF James Forrest
32%
2019 MF James Forrest
32%
2003 ST James McFadden
32%
2003 EQ ST James McFadden
32%
2004 ST James McFadden
32%
2006 ST James McFadden
32%
2007 ST James McFadden
32%
2008 ST James McFadden
32%
1988 ST Kevin Gallacher
32%
1993 ST Kevin Gallacher
32%
1997 ST Kevin Gallacher
32%
1998 ST Kevin Gallacher
32%
1999 ST Kevin Gallacher
32%
1978 MF Lou Macari
32%
1989 MF Murdo MacLeod
32%
1990 MF Murdo MacLeod
32%
1979 DF Peter Lorimer
32%
2018 DF Scott McKenna
32%
2019 DF Scott McKenna
32%
2022 DF Scott McKenna
32%
1987 DF Steve Clarke
32%
1979 MF Asa Hartford
31%
1981 MF Asa Hartford
31%
1995 DF Colin Calderwood
31%
1996 DF Colin Calderwood
31%
1997 DF Colin Calderwood
31%
1998 DF Colin Calderwood
31%
1989 DF Gary Gillespie
31%
1996 ST John Spencer
31%
1978 DF Martin Buchan
31%
1985 DF Maurice Malpas
31%
1986 DF Maurice Malpas
31%
1987 DF Maurice Malpas
31%
1988 DF Maurice Malpas
31%
1989 DF Maurice Malpas
31%
1990 DF Maurice Malpas
31%
1991 DF Maurice Malpas
31%
1992 DF Maurice Malpas
31%
1989 MF Pat Nevin
31%
1993 MF Pat Nevin
31%
2020 ST Ryan Christie
31%
2022 ST Ryan Christie
31%
2023 ST Ryan Christie
31%
1979 MF Arthur Graham
30%
1997 DF Christian Dailly
30%
1998 DF Christian Dailly
30%
1999 DF Christian Dailly
30%
2000 DF Christian Dailly
30%
2001 DF Christian Dailly
30%
2002 MF Christian Dailly
30%
2003 MF Christian Dailly
30%
2003 EQ MF Christian Dailly
30%
2006 DF Christian Dailly
30%
1977 ST George Graham
30%
1982 ST Alan Brazil
29%
1990 DF Dave McPherson
29%
1991 DF Dave McPherson
29%
1992 DF Dave McPherson
29%
2004 MF Gary Caldwell
28%
2006 DF Gary Caldwell
28%
2008 DF Gary Caldwell
28%
2009 DF Gary Caldwell
28%
2011 DF Gary Caldwell
28%
2012 DF Gary Caldwell
28%
2011 MF James Morrison
28%
2012 MF James Morrison
28%
2013 MF James Morrison
28%
2014 MF James Morrison
28%
1983 DF Arthur Albiston
27%
1984 DF Arthur Albiston
27%
1999 ST Billy Dodds
27%
2000 ST Billy Dodds
27%
2001 ST Billy Dodds
27%
2002 DF Gary Naysmith
27%
2003 DF Gary Naysmith
27%
2003 EQ DF Gary Naysmith
27%
2004 DF Gary Naysmith
27%
2007 DF Gary Naysmith
27%
2008 DF Gary Naysmith
27%
2017 ST Leigh Griffiths
27%
2018 MF Ryan Fraser
27%
2019 MF Ryan Fraser
27%
1990 ST Alan McInally
26%
1986 ST Graeme Sharp
26%
2014 MF Ikechi Anya
26%
2016 MF Ikechi Anya
26%
1979 MF John Wark
26%
1982 MF John Wark
26%
1983 MF John Wark
26%
1979 DF Sandy Jardine
26%
2019 DF Stephen O'Donnell
26%
2021 EURO DF Stephen O'Donnell
26%
2008 MF Barry Robson
25%
2010 MF Barry Robson
25%
1981 MF Davie Provan
25%
1999 MF Don Hutchison
25%
2000 MF Don Hutchison
25%
2001 MF Don Hutchison
25%
2003 MF Don Hutchison
25%
2004 MF Gary Holt
25%
2017 MF Matt Phillips
25%
2013 DF Russell Martin
25%
2014 DF Russell Martin
25%
2015 DF Russell Martin
25%
2016 DF Russell Martin
25%
2012 MF Shaun Maloney
25%
2013 MF Shaun Maloney
25%
2014 MF Shaun Maloney
25%
2015 MF Shaun Maloney
25%
2015 ST Steven Fletcher
25%
2016 ST Steven Fletcher
25%
2018 ST Steven Fletcher
25%
1978 ST Tommy Hutchison
25%
1977 ST Willie Morgan
25%
2011 MF Charlie Adam
24%
2012 MF Charlie Adam
24%
1984 MF Jim Bett
24%
1985 MF Jim Bett
24%
1990 MF Jim Bett
24%
2020 MF Kenny McLean
24%
2015 MF Matt Ritchie
24%
2016 MF Matt Ritchie
24%
1985 ST David Speedie
23%
2020 DF Declan Gallagher
23%
2009 DF Steven Whittaker
23%
2010 DF Steven Whittaker
23%
2013 DF Steven Whittaker
23%
1991 DF Stewart McKimmie
23%
1992 DF Stewart McKimmie
23%
1993 DF Stewart McKimmie
23%
1994 DF Stewart McKimmie
23%
1995 DF Stewart McKimmie
23%
2003 DF Jackie McNamara
22%
2003 EQ DF Jackie McNamara
22%
2004 DF Jackie McNamara
22%
2005 DF Jackie McNamara
22%
2012 MF James McArthur
22%
2015 MF James McArthur
22%
2016 MF James McArthur
22%
2007 DF Stephen McManus
22%
2008 DF Stephen McManus
22%
2009 DF Stephen McManus
22%
2010 DF Stephen McManus
22%
1978 DF Stuart Kennedy
22%
2022 WC Q DF Aaron Hickey
21%
2022 DF Aaron Hickey
21%
2023 DF Aaron Hickey
21%
2000 MF Neil McCann
21%
2001 MF Neil McCann
21%
2003 EQ MF Neil McCann
21%
1977 DF Willie Donachie
21%
1978 DF Willie Donachie
21%
2004 DF Andy Webster
20%
2005 DF Andy Webster
20%
2012 DF Andy Webster
20%
2022 DF Anthony Ralston
20%
1994 MF Billy McKinlay
20%
1978 MF Bruce Rioch
20%
2005 MF Paul Hartley
20%
2006 MF Paul Hartley
20%
2008 MF Paul Hartley
20%
1996 DF Tosh McKinlay
20%
1999 DF Callum Davidson
19%
2016 DF Callum Paterson
19%
2000 DF Matt Elliott
19%
2001 DF Matt Elliott
19%
2013 MF Robert Snodgrass
19%
2016 MF Robert Snodgrass
19%
2017 MF Robert Snodgrass
19%
2013 MF Charlie Mulgrew
18%
2014 MF Charlie Mulgrew
18%
2015 DF Charlie Mulgrew
18%
2017 DF Charlie Mulgrew
18%
2018 DF Charlie Mulgrew
18%
2019 DF Charlie Mulgrew
18%
1978 MF Jim Holton
18%
2005 ST Kenny Miller
18%
2006 ST Kenny Miller
18%
2007 ST Kenny Miller
18%
2008 ST Kenny Miller
18%
2009 ST Kenny Miller
18%
2010 ST Kenny Miller
18%
2011 ST Kenny Miller
18%
2012 ST Kenny Miller
18%
2007 MF Lee McCulloch
18%
2003 EQ ST Paul Dickov
18%
2004 ST Paul Dickov
18%
1993 DF Alan McLaren
17%
1994 DF Alan McLaren
17%
1995 DF Alan McLaren
17%
2000 MF Colin Cameron
17%
2001 MF Colin Cameron
17%
2004 DF Malky MacKay
17%
1994 ST Scott Booth
17%
1993 DF Brian Irvine
16%
2000 DF Dominic Matteo
16%
2001 DF Dominic Matteo
16%
2011 DF Phil Bardsley
16%
2003 DF Steven Pressley
16%
2003 EQ DF Steven Pressley
16%
2005 DF Steven Pressley
16%
2006 DF Steven Pressley
16%
2011 DF Christophe Berra
15%
2012 DF Christophe Berra
15%
2017 DF Christophe Berra
15%
2015 DF Craig Forsyth
15%
1978 MF David Hay
15%
1977 MF Don Masson
15%
2005 MF Graham Alexander
15%
2006 MF Graham Alexander
15%
2009 MF Graham Alexander
15%
1994 ST John McGinlay
15%
1995 ST John McGinlay
15%
1977 DF Tom Forsyth
15%
2002 DF Lee Wilkie
14%
2003 DF Lee Wilkie
14%
2003 EQ DF Lee Wilkie
14%
2002 DF Maurice Ross
14%
2009 ST Ross McCormack
14%
2002 ST Stevie Crawford
14%
2003 ST Stevie Crawford
14%
1977 MF Eddie Colquhoun
13%
2008 DF Kirk Broadfoot
13%
2004 MF Nigel Quashie
12%
2005 DF Nigel Quashie
12%
2006 MF Nigel Quashie
12%
2019 ST Oliver Burke
12%
2009 MF Graham Dorrans
11%
2010 MF Graham Dorrans
11%
2022 WC Q DF Liam Cooper
10%
2023 DF Liam Cooper
10%
2021 DF Jack Hendry
9%
2022 DF Jack Hendry
9%
2023 DF Jack Hendry
9%
1977 DF John Brownlie
9%
1979 ST Arthur Duncan
8%
1981 DF Derek Parlane
4%
1981 DF Ted MacDougall
4%
1995 MF Scot Gemmill
1%
2002 MF Scot Gemmill
1%
No matching quizzes found
Score Distribution
Percent of People with Each Score
Percentile by Number Answered
Your Score History
You have not taken this quiz